Computer sorting (Record no. 67942)

000 -LEADER
fixed length control field 00399nam a22001577a 4500
003 - CONTROL NUMBER IDENTIFIER
control field NUST - PNEC
005 - DATE AND TIME OF LATEST TRANSACTION
control field 20170116181036.0
008 - FIXED-LENGTH DATA ELEMENTS--GENERAL INFORMATION
fixed length control field 150919b xxu||||| |||| 00| 0 eng d
040 ## - CATALOGING SOURCE
Transcribing agency LIBRARY
082 ## - DEWEY DECIMAL CLASSIFICATION NUMBER
Classification number 510.7834 FLO
100 ## - MAIN ENTRY--PERSONAL NAME
9 (RLIN) 11402
Personal name Flores, Ivan
245 ## - TITLE STATEMENT
Title Computer sorting
Statement of responsibility, etc. Ivan Flores
260 ## - PUBLICATION, DISTRIBUTION, ETC.
Date of publication, distribution, etc. c 1969
650 ## - SUBJECT ADDED ENTRY--TOPICAL TERM
9 (RLIN) 11404
Topical term or geographic name entry element Sorting (Electronic computers)
General subdivision EL
942 ## - ADDED ENTRY ELEMENTS (KOHA)
Source of classification or shelving scheme
Koha item type Book
Holdings
Withdrawn status Lost status Source of classification or shelving scheme Damaged status Not for loan Permanent Location Current Location Shelving location Date acquired Total Checkouts Full call number Barcode Date last seen Price effective from Koha item type
          Pakistan Navy Engineering College (PNEC) Pakistan Navy Engineering College (PNEC)       510.7834 FLO PNECLIB-004261 09/19/2015   Book
© 2023 Central Library, National University of Sciences and Technology. All Rights Reserved.